[Event "Junior Online 4NCL Division 3"]
[Site "online"]
[Date "2021.04.15"]
[EventDate "2021.04.15"]
[Round "7.26"]
[White "Josse, Ben"]
[WhiteElo "1232"]
[WhiteTeam "Surrey Kings 2"]
[Black "Sarkar, Rian"]
[BlackElo "1592"]
[BlackTeam "Barnet Knights B"]
[Result "1-0"]
[PlyCount "123"]

1. e4 c5 2. Nf3 e6 3. d4 cxd4 4. Nxd4 Nc6 5. Be2 Nf6 6. Nc3 Bb4 7. f3 Bxc3+ 8. bxc3 d5 9. Nxc6 bxc6 10. e5 Nd7 11. f4 Qh4+ 12. g3 Qh3 13. Bf3 Ba6 14. Be3 Qf5 15. Qd2 Nb6 16. Bc5 Nc4 17. Qf2 Bb5 18. a4 Ba6 19. Rb1 Kd7 20. Bb4 Rhb8 21. Qc5 Rxb4 22. Rxb4 Qxc2 23. Rxc4 Qc1+ 24. Kf2 Qd2+ 25. Kg1 Qc1+ 26. Kg2 Qb2+ 27. Kh3 Bxc4 28. Qd6+ Kc8 29. Qxc6+ Kb8 30. Be4 dxe4 31. Qxc4 Qb7 32. Rd1 Qe7 33. Rb1+ Qb7 34. Rxb7+ Kxb7 35. Qxe4+ Kb8 36. c4 a5 37. c5 Ra7 38. c6 Rc7 39. Qc4 h6 40. Qb5+ Kc8 41. g4 g5 42. f5 exf5 43. gxf5 h5 44. e6 g4+ 45. Kg3 fxe6 46. fxe6 h4+ 47. Kxg4 Rg7+ 48. Kxh4 Rh7+ 49. Kg4 Rg7+ 50. Kf4 Rh7 51. Qxa5 Rh4+ 52. Kg5 Rxh2 53. Qa8+ Kc7 54. Qb7+ Kd6 55. c7 Rc2 56. c8=Q Rc5+ 57. Kg4 Rxc8 58. Qxc8 Ke7 59. Qd7+ Kf6 60. e7 Kg6 61. e8=Q+ Kf6 62. Qee6# 1-0

[Event "Junior Online 4NCL Division 3"]
[Site "online"]
[Date "2021.04.15"]
[EventDate "2021.04.15"]
[Round "7.27"]
[White "Belur, Ankita"]
[WhiteElo "1457"]
[WhiteTeam "Barnet Knights B"]
[Black "Lee, Damin"]
[BlackElo "1149"]
[BlackTeam "Surrey Kings 2"]
[Result "1-0"]
[PlyCount "105"]

1. c4 e5 2. Nc3 Bc5 3. Nf3 Nc6 4. g3 Nf6 5. Bg2 d6 6. O-O O-O 7. a3 h6 8. b4 Bd4 9. Nxd4 Nxd4 10. e3 Nc6 11. Ne4 Nxe4 12. Bxe4 Bh3 13. Re1 Ne7 14. Bxb7 Rb8 15. Bf3 d5 16. Qb3 dxc4 17. Qxc4 Nf5 18. Qb3 Qg5 19. Qd5 Nh4 20. Kh1 Nxf3 21. Qxf3 Rfe8 22. Rg1 Bc8 23. e4 Bb7 24. d4 exd4 25. Bxg5 Bxe4 26. Qxe4 Rxe4 27. Bf4 Rc8 28. Rge1 Rxe1+ 29. Rxe1 c5 30. Re4 d3 31. bxc5 Rxc5 32. Rd4 Rc3 33. Bd2 Rxa3 34. Kg2 a5 35. Kf3 Rb3 36. Bxa5 d2+ 37. Ke2 d1=Q+ 38. Rxd1 Ra3 39. Bc7 Ra2+ 40. Kf3 Rc2 41. Rd8+ Kh7 42. Rd7 Rc3+ 43. Kg4 Kg6 44. Rd6+ f6 45. Bb6 Rc4+ 46. Kh3 Kg5 47. Be3+ Kh5 48. Rd5+ g5 49. Rd6 f5 50. Rf6 g4+ 51. Kg2 f4 52. Bxf4 Rc1 53. Rxh6# 1-0

[Event "Junior Online 4NCL Division 3"]
[Site "online"]
[Date "2021.04.15"]
[EventDate "2021.04.15"]
[Round "7.28"]
[White "Peverett, Kian"]
[WhiteElo "925"]
[WhiteTeam "Surrey Kings 2"]
[Black "Tokar, Kyrylo"]
[BlackElo "1479"]
[BlackTeam "Barnet Knights B"]
[Result "1-0"]
[PlyCount "55"]

1. e4 c5 2. Nf3 e6 3. d4 d5 4. exd5 exd5 5. Nc3 cxd4 6. Nxd4 Nf6 7. Bb5+ Bd7 8. O-O Be7 9. Bg5 O-O 10. Re1 Nc6 11. Qd2 Nxd4 12. Bxd7 Qxd7 13. Qxd4 Rad8 14. Rad1 Qf5 15. Rxe7 Qxg5 16. Rxb7 Ne4 17. Nxd5 Qf5 18. Ne7+ Kh8 19. Nxf5 Rxd4 20. Nxd4 Rd8 21. Rxa7 Ng5 22. b4 Kg8 23. b5 Ne6 24. b6 Nxd4 25. b7 Ne2+ 26. Kf1 Rxd1+ 27. Kxe2 Rd8 28. Ra8 1-0

[Event "Junior Online 4NCL Division 3"]
[Site "online"]
[Date "2021.04.15"]
[EventDate "2021.04.15"]
[Round "7.31"]
[White "McBrinn, Conall"]
[WhiteElo "1683"]
[WhiteTeam "JHJ Shark Tank 1"]
[Black "Verma, Abhi"]
[BlackElo "380"]
[BlackTeam "East Kilbride Rooks"]
[Result "1-0"]
[PlyCount "77"]

1. d4 d5 2. c4 e6 3. Nc3 Nf6 4. Bg5 c5 5. dxc5 Bxc5 6. cxd5 e5 7. e4 h6 8. Bh4 b6 9. Nf3 Nbd7 10. Bg3 Bd6 11. Nb5 Qe7 12. Nxd6+ Qxd6 13. Bd3 O-O 14. O-O Bb7 15. Rc1 Rac8 16. a3 Rfe8 17. b4 a5 18. bxa5 bxa5 19. Qb3 Rb8 20. Qc3 Re7 21. Qxa5 Ra8 22. Qc7 Qxc7 23. Rxc7 Rxa3 24. Rxb7 Rxd3 25. Re1 Kf8 26. h3 Nc5 27. Rxe7 Kxe7 28. Nxe5 Ncxe4 29. Nxd3 Nxd5 30. Rxe4+ Kf8 31. Bd6+ Kg8 32. Re8+ Kh7 33. Ne5 Nf6 34. Ra8 g5 35. Nxf7 Kg6 36. Ne5+ Kh5 37. g4+ Kh4 38. Kh2 h5 39. Ng6# 1-0

[Event "Junior Online 4NCL Division 3"]
[Site "online"]
[Date "2021.04.15"]
[EventDate "2021.04.15"]
[Round "7.32"]
[White "Bhattacharjee, Aaditya"]
[WhiteElo "250"]
[WhiteTeam "East Kilbride Rooks"]
[Black "Ward, Cian"]
[BlackElo "1651"]
[BlackTeam "JHJ Shark Tank 1"]
[Result "1/2-1/2"]
[PlyCount "43"]

1. e4 e5 2. Nf3 Nc6 3. Bc4 Bc5 4. c3 Nf6 5. d4 exd4 6. cxd4 Bb4+ 7. Nc3 Nxe4 8. O-O Bxc3 9. d5 Ne5 10. bxc3 Nxc4 11. Qd4 f5 12. Qxc4 d6 13. Bg5 Nxg5 14. Nxg5 Qxg5 15. Rfe1+ Kf7 16. Qxc7+ Kg6 17. Qxd6+ Qf6 18. Qg3+ Qg5 19. Qd6+ Qf6 20. Qg3+ Kh5 21. Qf3+ Kg6 22. Qg3+ 1/2-1/2

[Event "Junior Online 4NCL Division 3"]
[Site "online"]
[Date "2021.04.15"]
[EventDate "2021.04.15"]
[Round "7.33"]
[White "Yu, William"]
[WhiteElo "1587"]
[WhiteTeam "JHJ Shark Tank 1"]
[Black "Vinodh, Sampriti"]
[BlackElo "197"]
[BlackTeam "East Kilbride Rooks"]
[Result "1-0"]
[PlyCount "25"]

1. d4 d5 2. Bf4 Nc6 3. e3 Nf6 4. Bd3 e6 5. c3 Bd6 6. Bg3 e5 7. dxe5 Bxe5 8. Nf3 Bxg3 9. hxg3 Bg4 10. Qc2 Bxf3 11. gxf3 O-O 12. Bxh7+ Nxh7 13. Qxh7# 1-0

[Event "Junior Online 4NCL Division 3"]
[Site "online"]
[Date "2021.04.15"]
[EventDate "2021.04.15"]
[Round "7.34"]
[White "Vusikala, Tarun"]
[WhiteElo "211"]
[WhiteTeam "East Kilbride Rooks"]
[Black "Duke, Dillan"]
[BlackElo "1558"]
[BlackTeam "JHJ Shark Tank 1"]
[Result "0-1"]
[PlyCount "58"]

1. e4 e6 2. Nf3 d5 3. exd5 exd5 4. Nc3 Nf6 5. d4 Bd6 6. Bd3 O-O 7. O-O Bg4 8. Bg5 Nbd7 9. Nxd5 h6 10. Nxf6+ Nxf6 11. Bxf6 Qxf6 12. c4 Qf4 13. g3 Qxf3 14. Qxf3 Bxf3 15. Rfe1 Rfe8 16. c5 Bf8 17. Rad1 Bxd1 18. Rxd1 c6 19. f4 Rad8 20. Bf1 Re4 21. d5 Rxd5 22. Rc1 Bxc5+ 23. Kg2 Rd2+ 24. Kf3 Re3+ 25. Kg4 Bb6 26. f5 Rxh2 27. Kf4 g5+ 28. Kg4 f6 29. Rc3 h5# 0-1

[Event "Junior Online 4NCL Division 3"]
[Site "online"]
[Date "2021.04.15"]
[EventDate "2021.04.15"]
[Round "7.35"]
[White "Verma, Abhi"]
[WhiteElo "380"]
[WhiteTeam "East Kilbride Rooks"]
[Black "McBrinn, Conall"]
[BlackElo "1683"]
[BlackTeam "JHJ Shark Tank 1"]
[Result "0-1"]
[PlyCount "124"]

1. e4 e6 2. Nc3 d5 3. exd5 exd5 4. d4 Nc6 5. Nf3 Be6 6. Be3 Bd6 7. Bd3 Nge7 8. Qd2 Qd7 9. h3 O-O-O 10. O-O-O Rhe8 11. Rhe1 Kb8 12. Kb1 h6 13. g4 g5 14. Ng1 f5 15. gxf5 Nxf5 16. Bxf5 Bxf5 17. f3 Nb4 18. Rc1 Nc6 19. Nge2 Bxh3 20. Rh1 Bg2 21. Rxh6 Bxf3 22. Bxg5 Rc8 23. Rf6 Bxe2 24. Nxe2 Qg4 25. Re1 Be7 26. Rg6 Bxg5 27. Rxg5 Qe4 28. Rgg1 Rg8 29. Rxg8 Rxg8 30. Nc3 Qxd4 31. Qxd4 Nxd4 32. Nxd5 c6 33. c3 cxd5 34. cxd4 Rg4 35. Rd1 Kc7 36. Kc2 Kb6 37. Kd3 Rg3+ 38. Ke2 Rg2+ 39. Kf3 Rxb2 40. Kf4 Rxa2 41. Ke5 Ra5 42. Rb1+ Kc6 43. Rc1+ Kd7 44. Rc5 Rxc5 45. dxc5 Kc6 46. Kd4 a5 47. Kc3 Kxc5 48. Kb3 b5 49. Ka3 d4 50. Kb3 b4 51. Kc2 Kc4 52. Kb2 d3 53. Kc1 Kc3 54. Kd1 d2 55. Ke2 Kc2 56. Ke3 d1=Q 57. Ke4 b3 58. Kf5 b2 59. Kg6 b1=Q 60. Kh7 Qb6 61. Kh8 Qd7 62. Kg8 Qbd8# 0-1

[Event "Junior Online 4NCL Division 3"]
[Site "online"]
[Date "2021.04.15"]
[EventDate "2021.04.15"]
[Round "7.36"]
[White "Ward, Cian"]
[WhiteElo "1651"]
[WhiteTeam "JHJ Shark Tank 1"]
[Black "Bhattacharjee, Aaditya"]
[BlackElo "250"]
[BlackTeam "East Kilbride Rooks"]
[Result "1/2-1/2"]
[PlyCount "157"]

1. e4 e5 2. Nf3 Nf6 3. Nxe5 Nc6 4. Nxc6 dxc6 5. d3 Bc5 6. Be2 h5 7. c4 Ng4 8. O-O Qh4 9. Bf4 Nxf2 10. Qc2 Qxf4 11. g3 Nh3+ 12. Kg2 Qe3 13. Nc3 h4 14. g4 Nf4+ 15. Kh1 Nxe2 16. Qxe2 Qxe2 17. Nxe2 h3 18. d4 Be7 19. Kg1 Bxg4 20. Kf2 Bh4+ 21. Ke3 Rd8 22. Nc3 Bg5+ 23. Kd3 Bf6 24. d5 cxd5 25. Nxd5 c6 26. Rf4 Be6 27. Kc2 cxd5 28. exd5 Bc8 29. Re1+ Kf8 30. Kb3 Bg5 31. Rfe4 Bf5 32. Re5 g6 33. R5e2 Bh4 34. Rc1 Re8 35. Rxe8+ Kxe8 36. d6 Kd7 37. c5 Kc6 38. Kc4 Be6+ 39. Kd3 Bxa2 40. b4 Be6 41. Rd1 Bf5+ 42. Kc3 Bf6+ 43. Kc4 Be6+ 44. Kd3 Rh4 45. Ke3 Rxb4 46. d7 Bxd7 47. Rd6+ Kxc5 48. Rxd7 Rb3+ 49. Kf2 Bd4+ 50. Ke2 Re3+ 51. Kd2 Re6 52. Rxb7 f5 53. Rxa7 Kc4 54. Ra4+ Kc5 55. Ra5+ Kb4 56. Rd5 Bc3+ 57. Kc2 Re5 58. Rd6 Re2+ 59. Kd1 Rd2+ 60. Rxd2 Bxd2 61. Kxd2 Kc4 62. Ke3 Kd5 63. Kf4 Ke6 64. Kg3 g5 65. Kxh3 Ke5 66. Kg3 f4+ 67. Kf3 Kf5 68. h3 Ke5 69. Kf2 Ke4 70. Ke2 f3+ 71. Kf2 Kf4 72. Kf1 g4 73. hxg4 Kxg4 74. Kf2 Kf4 75. Kf1 Kg3 76. Kg1 Kf4 77. Kf2 Ke4 78. Kf1 Kf4 79. Kf2 1/2-1/2

[Event "Junior Online 4NCL Division 3"]
[Site "online"]
[Date "2021.04.15"]
[EventDate "2021.04.15"]
[Round "7.37"]
[White "Vinodh, Sampriti"]
[WhiteElo "197"]
[WhiteTeam "East Kilbride Rooks"]
[Black "Yu, William"]
[BlackElo "1587"]
[BlackTeam "JHJ Shark Tank 1"]
[Result "1-0"]
[PlyCount "91"]

1. e4 e6 2. e5 c5 3. Nf3 Nc6 4. Nc3 Qc7 5. Bb5 Nxe5 6. Nxe5 Qxe5+ 7. Be2 Nf6 8. d3 d5 9. g3 d4 10. Bf4 Qd5 11. Nxd5 Nxd5 12. Bf3 b6 13. c4 Nxf4 14. Bxa8 Ng6 15. Qf3 Be7 16. Qc6+ Bd7 17. Qf3 O-O 18. O-O-O Ne5 19. Qh5 Ng6 20. Be4 f5 21. Bf3 Ne5 22. Rde1 Nxd3+ 23. Kd1 Nxf2+ 24. Ke2 Nxh1 25. g4 fxg4 26. Bxg4 d3+ 27. Kxd3 Nf2+ 28. Ke2 Nxg4 29. Qxg4 Rf5 30. Rg1 Re5+ 31. Kd2 Rg5 32. Qd1 Rh5 33. Qxh5 Bf6 34. Qf3 h6 35. Qb7 Bg5+ 36. Ke2 Be8 37. Qb8 Kf7 38. Qxa7+ Kf8 39. Qxb6 Bh5+ 40. Kd3 Bg6+ 41. Kc3 Bf6+ 42. Kb3 Bh5 43. Qxc5+ Kf7 44. Qxh5+ Ke7 45. Qg6 Bd4 46. Rg4 1-0

[Event "Junior Online 4NCL Division 3"]
[Site "online"]
[Date "2021.04.15"]
[EventDate "2021.04.15"]
[Round "7.38"]
[White "Duke, Dillan"]
[WhiteElo "1558"]
[WhiteTeam "JHJ Shark Tank 1"]
[Black "Vusikala, Tarun"]
[BlackElo "211"]
[BlackTeam "East Kilbride Rooks"]
[Result "1-0"]
[PlyCount "77"]

1. e4 e5 2. Nc3 Nc6 3. g3 Nf6 4. Bg2 Bc5 5. d3 d6 6. Na4 O-O 7. Nxc5 dxc5 8. Ne2 Bg4 9. f3 Bh5 10. O-O Nd4 11. c3 Nxe2+ 12. Qxe2 Qe7 13. Be3 Rad8 14. Rad1 Rfe8 15. Qf2 b5 16. Bxc5 Qe6 17. b3 a5 18. d4 exd4 19. cxd4 a4 20. d5 Qa6 21. g4 Bg6 22. h4 h6 23. g5 hxg5 24. hxg5 Nd7 25. Bd4 axb3 26. axb3 f6 27. gxf6 gxf6 28. Qh4 Kf7 29. Bh3 Rh8 30. Be6+ Ke7 31. Qg3 f5 32. Qg5+ Kd6 33. Qxg6 Qa8 34. Kf2 fxe4 35. fxe4 Rdf8+ 36. Ke3 Qa3 37. Qg7 Qxb3+ 38. Rd3 Nc5 39. e5# 1-0

[Event "Junior Online 4NCL Division 3"]
[Site "online"]
[Date "2021.04.15"]
[EventDate "2021.04.15"]
[Round "7.41"]
[White "Jessop,Osian"]
[WhiteElo "1284"]
[WhiteTeam "Border Bandits 2"]
[Black "Cepoi, Gesneria-Codruta"]
[BlackElo "1051"]
[BlackTeam "Uxbridge Girls"]
[Result "0-1"]
[PlyCount "50"]

1. e4 c6 2. Nf3 d5 3. Nc3 d4 4. Na4 e6 5. Bc4 b5 6. Be2 bxa4 7. c3 d3 8. Bf1 Ba6 9. Ne5 f6 10. Nf3 e5 11. b3 axb3 12. Qxb3 Nd7 13. c4 Nc5 14. Qc3 Ne7 15. Ba3 Nxe4 16. Qb3 Rb8 17. Qa4 Qb6 18. c5 Nxc5 19. Bxc5 Qxc5 20. Qxa6 e4 21. Ng1 Nd5 22. f3 Nb4 23. Qa4 Nc2+ 24. Kd1 Nxa1 25. fxe4 Rb1# 0-1

[Event "Junior Online 4NCL Division 3"]
[Site "online"]
[Date "2021.04.15"]
[EventDate "2021.04.15"]
[Round "7.42"]
[White "Eshwar, Ananya"]
[WhiteElo "1035"]
[WhiteTeam "Uxbridge Girls"]
[Black "Watkins, Gabby"]
[BlackElo "1087"]
[BlackTeam "Border Bandits 2"]
[Result "0-1"]
[PlyCount "68"]

1. d4 Nf6 2. Bf4 e6 3. e3 d5 4. Bb5+ Bd7 5. Bxd7+ Nbxd7 6. Nf3 c5 7. O-O cxd4 8. exd4 Rc8 9. Nbd2 Nb6 10. c3 Bd6 11. Ne5 O-O 12. Bg5 Be7 13. Ng4 Nxg4 14. Bxe7 Qxe7 15. Qxg4 Nc4 16. Nxc4 Rxc4 17. Rac1 Qc7 18. Qf3 Rc8 19. Rfd1 Qa5 20. b4 Qxa2 21. Rd3 Qb2 22. h3 Qxc1+ 23. Kh2 Rxc3 24. Rxc3 Qxc3 25. Qd1 Qxb4 26. f3 Rc4 27. Qa1 a5 28. g4 Qd2+ 29. Kg3 Rxd4 30. Qb1 Qf4+ 31. Kf2 Rd2+ 32. Ke1 Qe3+ 33. Kf1 Qxf3+ 34. Kg1 Qg2# 0-1

[Event "Junior Online 4NCL Division 3"]
[Site "online"]
[Date "2021.04.15"]
[EventDate "2021.04.15"]
[Round "7.43"]
[White "Fennell, Owyn"]
[WhiteElo "963"]
[WhiteTeam "Border Bandits 2"]
[Black "Vijayakumar, Mrinali"]
[BlackElo "700"]
[BlackTeam "Uxbridge Girls"]
[Result "1-0"]
[PlyCount "71"]

1. e4 e5 2. Nf3 Nc6 3. b3 Bc5 4. Bb2 Nf6 5. d3 O-O 6. Nbd2 d6 7. d4 exd4 8. Nxd4 Bg4 9. N4f3 d5 10. Bb5 dxe4 11. Nxe4 Bb4+ 12. Bc3 Bxc3+ 13. Nxc3 Re8+ 14. Ne2 Nd5 15. Bxc6 bxc6 16. Qd4 Qd7 17. O-O-O Rxe2 18. Qd3 Rxf2 19. Ng5 Bxd1 20. Qxh7+ Kf8 21. Re1 Be2 22. Qh8+ Ke7 23. Qxa8 Nc3 24. Nh7 Nxa2+ 25. Kb2 Nb4 26. Qf8+ Ke6 27. Ng5+ Kf5 28. Qc5+ Nd5 29. Qxf2+ Kxg5 30. Rxe2 Nf4 31. h4+ Kg4 32. Qf3+ Kf5 33. Qf2 c5 34. g4+ Kxg4 35. Qg1+ Kf5 36. Qg5# 1-0

[Event "Junior Online 4NCL Division 3"]
[Site "online"]
[Date "2021.04.15"]
[EventDate "2021.04.15"]
[Round "7.44"]
[White "Patange, Rashi"]
[WhiteElo "700"]
[WhiteTeam "Uxbridge Girls"]
[Black "Siddall, George"]
[BlackElo "708"]
[BlackTeam "Border Bandits 2"]
[Result "1-0"]
[PlyCount "45"]

1. e4 e5 2. Nf3 Nc6 3. Bc4 Nf6 4. Nc3 Bc5 5. d3 h6 6. Be3 Bxe3 7. fxe3 Ng4 8. Qd2 d6 9. Na4 a6 10. h3 Nf6 11. Nc3 Be6 12. Bb3 Bxb3 13. axb3 O-O 14. d4 exd4 15. exd4 Re8 16. e5 dxe5 17. d5 Nb4 18. O-O Nbxd5 19. Rae1 Nxc3 20. Qxc3 Nd7 21. Nxe5 f6 22. Qc4+ Kf8 23. Qf7# 1-0

[Event "Junior Online 4NCL Division 3"]
[Site "online"]
[Date "2021.04.15"]
[EventDate "2021.04.15"]
[Round "7.45"]
[White "Cepoi, Gesneria-Codruta"]
[WhiteElo "1051"]
[WhiteTeam "Uxbridge Girls"]
[Black "Jessop,Osian"]
[BlackElo "1284"]
[BlackTeam "Border Bandits 2"]
[Result "0-1"]
[PlyCount "22"]

1. e4 e5 2. Nf3 Nc6 3. Bc4 Bc5 4. Nc3 Nf6 5. a3 d6 6. b4 Bb6 7. a4 Nxb4 8. a5 Bc5 9. d4 exd4 10. Nxd4 Bxd4 11. Qxd4 Nxc2+ 0-1

[Event "Junior Online 4NCL Division 3"]
[Site "online"]
[Date "2021.04.15"]
[EventDate "2021.04.15"]
[Round "7.46"]
[White "Watkins, Gabby"]
[WhiteElo "1087"]
[WhiteTeam "Border Bandits 2"]
[Black "Eshwar, Ananya"]
[BlackElo "1035"]
[BlackTeam "Uxbridge Girls"]
[Result "1-0"]
[PlyCount "81"]

1. d4 Nf6 2. Bf4 Nc6 3. h3 d5 4. Nf3 e6 5. e3 Bd6 6. Ne5 Bd7 7. Be2 O-O 8. Nd2 g6 9. O-O Ne4 10. Nxe4 dxe4 11. Nxc6 Bxc6 12. Bxd6 Qxd6 13. c4 b6 14. Rc1 e5 15. d5 Bb7 16. Qc2 f5 17. Rfd1 Rad8 18. a3 c6 19. dxc6 Qxc6 20. Rxd8 Rxd8 21. Rd1 Qc7 22. Qa4 a5 23. Qb5 Rxd1+ 24. Bxd1 Bc6 25. Qb3 Kg7 26. Qc3 Qd6 27. Be2 Kf7 28. Qb3 Qc5 29. Qc3 Ke6 30. b4 axb4 31. axb4 Qd6 32. c5 bxc5 33. bxc5 Qd5 34. Bc4 Qxc4 35. Qxc4+ Kf6 36. Qa6 Kg5 37. Qxc6 f4 38. exf4+ exf4 39. Qxe4 h5 40. c6 Kf6 41. c7 1-0

[Event "Junior Online 4NCL Division 3"]
[Site "online"]
[Date "2021.04.15"]
[EventDate "2021.04.15"]
[Round "7.47"]
[White "Vijayakumar, Mrinali"]
[WhiteElo "700"]
[WhiteTeam "Uxbridge Girls"]
[Black "Fennell, Owyn"]
[BlackElo "963"]
[BlackTeam "Border Bandits 2"]
[Result "0-1"]
[PlyCount "152"]

1. e4 e5 2. Bc4 Nf6 3. d3 b6 4. Nf3 Bb7 5. O-O d5 6. exd5 Nxd5 7. Nxe5 Qg5 8. Bxg5 f6 9. Bxf6 gxf6 10. Qh5+ Ke7 11. Qf7+ Kd6 12. Bxd5 Bxd5 13. Qxf6+ Kc5 14. Qxh8 Na6 15. Qxf8+ Rxf8 16. Nd7+ Kc6 17. Nxf8 Nc5 18. d4 Ne6 19. Nxh7 Nf4 20. f3 Ne2+ 21. Kf2 Nxd4 22. Nc3 Nxc2 23. Rad1 Bxa2 24. b4 Bb3 25. b5+ Kc5 26. Rd3 Na3 27. Ne4+ Kc4 28. Rc3+ Kb4 29. Rfc1 Nxb5 30. Rd3 a5 31. Nhf6 a4 32. Nd5+ Ka5 33. Nxc7 Kb4 34. Nxb5 Kxb5 35. Nc3+ Kb4 36. Rd4+ Ka3 37. Ra1+ Kb2 38. Rb1+ Kxc3 39. Rd5 a3 40. Rc1+ Kb2 41. Rdc5 a2 42. f4 a1=Q 43. Rxa1 Kxa1 44. f5 bxc5 45. f6 Bd5 46. g4 c4 47. g5 c3 48. g6 c2 49. g7 c1=Q 50. f7 Bxf7 51. g8=Q Bxg8 52. h4 Qc2+ 53. Kf3 Kb1 54. h5 Qb3+ 55. Kf4 Kc2 56. h6 Qc4+ 57. Kg5 Kd3 58. h7 Bxh7 59. Kh6 Be4 60. Kg5 Qd5+ 61. Kf6 Qf5+ 62. Ke7 Qe5+ 63. Kf7 Bd5+ 64. Kg6 Qe6+ 65. Kg5 Qe5+ 66. Kg6 Qe6+ 67. Kg5 Ke3 68. Kh5 Kf3 69. Kg5 Kg3 70. Kh5 Qg4+ 71. Kh6 Kf4 72. Kh7 Qf5+ 73. Kh6 Qg5+ 74. Kh7 Be4+ 75. Kh8 Qh6+ 76. Kg8 Bd5# 0-1

[Event "Junior Online 4NCL Division 3"]
[Site "online"]
[Date "2021.04.15"]
[EventDate "2021.04.15"]
[Round "7.48"]
[White "Siddall, George"]
[WhiteElo "708"]
[WhiteTeam "Border Bandits 2"]
[Black "Patange, Rashi"]
[BlackElo "700"]
[BlackTeam "Uxbridge Girls"]
[Result "1-0"]
[PlyCount "33"]

1. e4 e5 2. Nf3 Nf6 3. Nc3 Bc5 4. Bc4 a6 5. O-O Ba7 6. d4 d6 7. dxe5 Nh5 8. exd6 cxd6 9. Ng5 Nd7 10. Nxf7 Qc7 11. Nxh8 d5 12. Qxh5+ g6 13. Qxd5 Bb8 14. Qf7+ Kd8 15. Bg5+ Nf6 16. Bxf6+ Qe7 17. Qxe7# 1-0

[Event "Junior Online 4NCL Division 3"]
[Site "online"]
[Date "2021.04.15"]
[EventDate "2021.04.15"]
[Round "7.51"]
[White "Mckechnie, Joel"]
[WhiteElo "700"]
[WhiteTeam "Watford Juniors D"]
[Black "Kesterson, Kennan"]
[BlackElo "1888"]
[BlackTeam "Barnet Knights A"]
[Result "0-1"]
[PlyCount "60"]

1. e4 e6 2. Nf3 d5 3. d3 c5 4. Bf4 Nf6 5. Nbd2 Nc6 6. Bg5 Be7 7. Bxf6 Bxf6 8. Be2 Bxb2 9. Rb1 Bf6 10. O-O O-O 11. c4 b6 12. h3 Nb4 13. a3 Na2 14. Qe1 Nc3 15. Rb3 Bb7 16. Nb1 dxe4 17. Nxc3 exf3 18. Bxf3 Bxf3 19. gxf3 Qxd3 20. f4 Qxc4 21. Qb1 Bxc3 22. Kg2 Qd5+ 23. Kg1 Bd4 24. h4 Qh5 25. Rh3 Qg4+ 26. Kh2 Qxf4+ 27. Rg3 Bxf2 28. Rxf2 Qxf2+ 29. Kh3 Qf5+ 30. Kh2 Qxb1 0-1

[Event "Junior Online 4NCL Division 3"]
[Site "online"]
[Date "2021.04.15"]
[EventDate "2021.04.15"]
[Round "7.52"]
[White "Vyas, Alisha"]
[WhiteElo "1738"]
[WhiteTeam "Barnet Knights A"]
[Black "Balakrishnan, Akshata"]
[BlackElo "631"]
[BlackTeam "Watford Juniors D"]
[Result "1-0"]
[PlyCount "59"]

1. e4 e5 2. Nf3 Nc6 3. Bb5 Nf6 4. d3 Bc5 5. h3 O-O 6. c3 d6 7. O-O Bd7 8. Re1 Qe7 9. Nbd2 a6 10. Ba4 b5 11. Bc2 Rae8 12. Nf1 b4 13. Ng3 bxc3 14. bxc3 d5 15. exd5 Na7 16. Rxe5 Qd6 17. d4 Bb6 18. Bf4 Nb5 19. Rxe8 Bxe8 20. Bxd6 Nxd6 21. Qd3 Bb5 22. Qd2 Nc4 23. Qg5 h6 24. Qf5 g6 25. Qxf6 Ba5 26. Bxg6 fxg6 27. Qxg6+ Kh8 28. Qxh6+ Kg8 29. Nh5 Bxc3 30. Qg7# 1-0

[Event "Junior Online 4NCL Division 3"]
[Site "online"]
[Date "2021.04.15"]
[EventDate "2021.04.15"]
[Round "7.53"]
[White "Taylor, Tamuka"]
[WhiteElo "622"]
[WhiteTeam "Watford Juniors D"]
[Black "Sanfey, Gregor"]
[BlackElo "1769"]
[BlackTeam "Barnet Knights A"]
[Result "0-1"]
[PlyCount "152"]

1. e4 d6 2. d4 Nf6 3. Nc3 g6 4. Nf3 Bg7 5. Bc4 Nxe4 6. Nxe4 d5 7. Bxd5 Qxd5 8. Nc3 Qd8 9. O-O Bg4 10. Bf4 c6 11. h3 Bxf3 12. gxf3 Qxd4 13. Qxd4 Bxd4 14. Bc7 Bxc3 15. bxc3 Nd7 16. Ba5 b6 17. Bb4 c5 18. Ba3 Ne5 19. Kg2 O-O-O 20. Rfe1 Nc4 21. Bc1 e6 22. Bg5 Rd5 23. Bf6 Re8 24. Rad1 Rf5 25. Bh4 Ne5 26. Bg3 Nxf3 27. Re3 Ng5 28. f4 Nxh3 29. Kxh3 h5 30. Kh4 Rh8 31. Rh1 Kd7 32. Rd1+ Ke7 33. Bh2 f6 34. Rg3 Rxf4+ 35. Kh3 g5 36. Kg2 Ra4 37. Rgd3 Kf7 38. Rd7+ Kg6 39. R1d6 Re8 40. Rd8 Rxd8 41. Rxd8 Rxa2 42. Re8 Rxc2+ 43. Kh1 Kf5 44. Rd8 Rxc3 45. Rd1 Rh3 46. Rf1+ Kg6 47. Kg2 g4 48. Bb8 Ra3 49. Re1 e5 50. Rd1 h4 51. Rh1 h3+ 52. Kg1 Ra1+ 53. Kh2 g3+ 54. Kxh3 Rxh1+ 55. Kxg3 Ra1 56. Kf3 Kf5 57. Ke3 Ra3+ 58. Kf2 Ke4 59. Kg2 Kf4 60. Kh2 Kg4 61. Kg2 e4 62. Kf2 f5 63. Bh2 Ra2+ 64. Kg1 Rxh2 65. Kxh2 a5 66. Kg2 a4 67. Kf2 a3 68. Ke1 a2 69. Kd1 a1=Q+ 70. Ke2 Qd4 71. Kf1 Kf3 72. Ke1 Qf2+ 73. Kd1 e3 74. Kc1 Ke4 75. Kd1 Kd3 76. Kc1 Qc2# 0-1

[Event "Junior Online 4NCL Division 3"]
[Site "online"]
[Date "2021.04.15"]
[EventDate "2021.04.15"]
[Round "7.54"]
[White "Angelopoulos, Andreas"]
[WhiteElo "1639"]
[WhiteTeam "Barnet Knights A"]
[Black "Naren, Riya"]
[BlackElo "646"]
[BlackTeam "Watford Juniors D"]
[Result "1-0"]
[PlyCount "29"]

1. d4 d5 2. c4 dxc4 3. e4 Nc6 4. Nf3 Nf6 5. e5 Ne4 6. Bxc4 Bf5 7. Nc3 Nxc3 8. bxc3 e6 9. O-O Be7 10. Bd3 O-O 11. Bxf5 exf5 12. Qc2 Qe8 13. Qxf5 Rd8 14. Ng5 Qd7 15. Qxh7# 1-0

[Event "Junior Online 4NCL Division 3"]
[Site "online"]
[Date "2021.04.15"]
[EventDate "2021.04.15"]
[Round "7.55"]
[White "Kesterson, Kennan"]
[WhiteElo "1888"]
[WhiteTeam "Barnet Knights A"]
[Black "Mckechnie, Joel"]
[BlackElo "700"]
[BlackTeam "Watford Juniors D"]
[Result "1-0"]
[PlyCount "51"]

1. e4 e5 2. Nf3 Nc6 3. Bc4 Nf6 4. d3 h6 5. c3 Bc5 6. Bb3 d5 7. Nbd2 O-O 8. Qe2 d4 9. O-O Bg4 10. h3 Bxf3 11. Nxf3 Qd7 12. Rd1 b6 13. Nh4 Ne8 14. Ng6 Nf6 15. Nxf8 Kxf8 16. Qf3 a5 17. Bxh6 gxh6 18. Qxf6 a4 19. Qxh6+ Ke8 20. Bc2 a3 21. b4 Bd6 22. b5 Na7 23. c4 Nxb5 24. cxb5 Qxb5 25. Bb3 Qxd3 26. Rxd3 1-0

[Event "Junior Online 4NCL Division 3"]
[Site "online"]
[Date "2021.04.15"]
[EventDate "2021.04.15"]
[Round "7.56"]
[White "Balakrishnan, Akshata"]
[WhiteElo "631"]
[WhiteTeam "Watford Juniors D"]
[Black "Vyas, Alisha"]
[BlackElo "1738"]
[BlackTeam "Barnet Knights A"]
[Result "0-1"]
[PlyCount "38"]

1. e4 c5 2. Nf3 d6 3. Nc3 g6 4. Bc4 Bg7 5. Ng5 e6 6. O-O Qxg5 7. d3 Qd8 8. Bf4 Nf6 9. Qd2 O-O 10. Bg5 Nc6 11. e5 Nxe5 12. Bxf6 Bxf6 13. Rae1 Nxc4 14. dxc4 b6 15. Ne4 Be5 16. Qe3 Bb7 17. Ng3 Qc7 18. a4 Qc6 19. b3 Qxg2# 0-1

[Event "Junior Online 4NCL Division 3"]
[Site "online"]
[Date "2021.04.15"]
[EventDate "2021.04.15"]
[Round "7.57"]
[White "Sanfey, Gregor"]
[WhiteElo "1769"]
[WhiteTeam "Barnet Knights A"]
[Black "Taylor, Tamuka"]
[BlackElo "622"]
[BlackTeam "Watford Juniors D"]
[Result "1-0"]
[PlyCount "65"]

1. e4 e5 2. Nf3 Nc6 3. Bb5 Nf6 4. O-O Bc5 5. Bxc6 dxc6 6. Nxe5 Qd4 7. Nd3 Qxe4 8. Nxc5 Qd5 9. Re1+ Be6 10. Nxe6 fxe6 11. Nc3 Qd6 12. d4 O-O-O 13. Be3 Qb4 14. Qc1 Qc4 15. Nb1 b6 16. c3 Qd3 17. Qd2 Qc4 18. Na3 Qd5 19. Nc2 a5 20. Bg5 b5 21. Re5 Qd6 22. Rae1 a4 23. Rxe6 Rhe8 24. Rxd6 Rxd6 25. Rxe8+ Nxe8 26. Bf4 Rd8 27. Nb4 Kb7 28. Qe2 Rc8 29. Qf3 Nf6 30. Qxc6+ Ka7 31. Qxb5 Re8 32. Nc6+ Ka8 33. Qa6# 1-0